000 00289nam a22001337a 4500
020 _a81-264-1313-1
082 _a894.812
100 _aKRISHNAKUMAR, K
245 _aORU SNEHAGATHA
260 _aKOTTAYAM
_bDC BOOKS
300 _a42
650 _aMALAYALAM SHORT STORY
_zKERALA
942 _cBK
999 _c1672
_d1672